La pensée de Martin Heidegger: un cheminement vers l'être

Saved in:
書目詳細資料
主要作者: Pöggeler, Otto (Author)
格式: 圖書
語言:法语
出版: París Aubier-Montaigne 1967
叢編:Présence et Pensée
主題:
標簽: 添加標簽
沒有標簽, 成為第一個標記此記錄!

MARC

LEADER 00000nam a2200000 a 4500
001 UCZ2952
003 CL-VaPUC
005 20240820103257.0
008 951013e19670000FR |||||||||||||||||fre|d
999 |c 239483  |d 239481 
040 |c Pontificia Universidad Católica de Valparaíso 
082 0 4 |a 142.7  |b POG  |2 21 
100 |a Pöggeler, Otto  |e author  |9 346781 
245 1 3 |a La pensée de Martin Heidegger: un cheminement vers l'être 
260 |a París  |b Aubier-Montaigne  |c 1967 
300 |a 407 p 
490 0 |a Présence et Pensée 
583 |a last modification  |c 19951013 00:00:00  |k Rodrigo Vera 
600 |a Heidegger, Martin,  |d 1889-1976  |9 863140 
650 0 |a Fenomenología  |9 256519 
650 0 |a Filosofía del espíritu  |9 320175 
942 |c BK  |2 ddc 
945 |d 19951013 00:00:00  |a cmena 
952 |0 0  |1 0  |4 0  |6 142_700000000000000_POG_1967  |7 0  |8 P  |9 250659  |a BIBEDU  |b BIBEDU  |c BIBEDU_PB  |d 2019-11-18  |i 1570331  |o 142.7 POG 1967  |p 1570331  |r 2024-01-25  |w 2019-11-18  |y BK  |k FIL 
952 |0 0  |1 0  |4 0  |6 142_700000000000000_POG_1967  |7 0  |8 P  |9 250660  |a BIBEDU  |b BIBEDU  |c BIBEDU_PB  |d 2019-11-18  |i 157034K  |o 142.7 POG 1967  |p 157034K  |r 2024-01-25  |w 2019-11-18  |y BK  |k FIL